000 00415ntaaa2200169 4500
003 01
005 20251027201911.0
008 0714s1973 ag 01
040 _aAR-BaBN
_bspa
_cAR-BaBN
_eaacr
_dRIC
082 _a244.1000 P93
100 _aPrinz, Joachin
_917555
245 _aRelatos de la Biblia para niños
250 _a1 ed. :
_bEditorial Israel,
_cc/962
300 _a205 p.
650 _aNiños
942 _cBK
999 _c13731
_d13731